000 00440nam a2200181Ia 4500
001 6417
003 IN-NITTTR
005 20251114233018.0
008 251113s9999||||xx |||||||||||||| ||eng||
040 _beng
040 _cIN-NITTTR
041 _aeng
082 _a620.106 S11E
100 _aSeshadri, C. V.
245 0 _aElements of fluid mechanics /
_cSeshadri, C. V., Patankar, S. V.
700 _a Patankar, S. V.
942 _2ddc
_cBK
999 _c9055
_d9055